Wood supply planning model : technical report

Bibliographic Details
Main Author: FERRIE
Corporate Author: ASEAN Institute of Forest Management (AIFM)
Other Authors: Lim, Rosmawati Ismail
Format: Book
Published: Kuala Lumpur : ASEAN Institute of Forest Management , 1989
Subjects:

MARC

LEADER 00000cam a2200000 7i4500
001 0000002193
005 20030321.0
090 0 0 |a 674.0212   |b FER 1989 
100 1 0 |a FERRIE   |h Adam E. J. 
245 1 0 |a Wood supply planning model :   |b technical report   |c prepared by Adam E.F. Ferrie., Lim Kee Leng., Rosmawati Ismail 
260 0 0 |a Kuala Lumpur :   |b ASEAN Institute of Forest Management ,   |c 1989 
300 |a ii, 48 p. ;   |c 29 cm. 
650 0 0 |a Wood products 
700 0 1 |a Lim   |h Kee Leng 
700 0 1 |a Rosmawati Ismail 
710 1 1 |a ASEAN Institute of Forest Management (AIFM) 
998 |a JPSM 
999 |a 0000003684   |b Monograph   |c Open Shelf   |e Default branch 
999 |a 0000003685   |b Monograph   |c Open Shelf   |e Default branch 
999 |a 0000003686   |b Monograph   |c Open Shelf   |e Default branch 
999 |a 0000003687   |b Monograph   |c Open Shelf   |e Default branch 
999 |a 0000003688   |b Monograph   |c Open Shelf   |e Default branch